00417nam a2200157 a 450000100060000000300090000600800410001504000280005608200170008410000350010124500290013626000400016530000100020565000250021565000190024012328CO-ViMGA141112s2004 ck r 000 u spa d aCO-ViMGAbspacCO-ViMGA04a330.973 S37d1 aServan Schrelber, Jean Jacques10aEl desafío Américano aBarcelona : bPlaza - Janes, c1969 a282p.14aCONDICIONES SOCIALES14aESTADOS UNIDOS